000
003110000a22001450004500
003
MACL
040
_a
MACL
090
_c
32300
_d
32298
100
_a
Jhabvala, Noshirvan H.
245
_a
Principles of Muhammadan Law
260
_b
C. jamnadas & Co
350
_a
90
650
_a
law
942
_c
BOOK
_k
340.59/Jha
999
_c
31971
_d
31971